[Event "Madrid-ch Previa-B"]
[Site "Madrid"]
[Date "2025.01.30"]
[Round "1.2"]
[White "Senador Gomez Jaen, Julio"]
[Black "Baeza Escudero, Javier"]
[Result "1/2-1/2"]
[WhiteElo "1796"]
[BlackElo "1974"]
[PlyCount "128"]
[GameId "2139842631262546"]
[EventDate "2025.01.30"]
[EventType "swiss"]
[EventRounds "9"]
[EventCountry "ESP"]

1. d4 d5 2. c4 c6 3. Nc3 Nf6 4. Nf3 dxc4 5. a4 Bg4 6. Ne5 Bh5 7. f3 Nfd7 8. Nxc4 e5 9. Nxe5 Nxe5 10. dxe5 Qxd1+ 11. Kxd1 Nd7 12. Bf4 O-O-O 13. Kc2 Re8 14. e4 Nxe5 15. Be2 f6 16. Rhd1 Bc5 17. Rd2 Bf7 18. Rad1 g5 19. Bxe5 Rxe5 20. Bf1 Re7 21. g3 Be6 22. Bg2 h5 23. b3 h4 24. g4 Be3 25. Rd3 h3 26. Bxh3 Rxh3 27. Rxe3 Bxg4 28. Rf1 Rxh2+ 29. Re2 Rxe2+ 30. Nxe2 Bh5 31. Nd4 Bg6 32. Kc3 Kd7 33. Rd1 Kc7 34. b4 b6 35. Rc1 Kb7 36. Kb2 Rc7 37. Ne6 Rc8 38. Nd4 a6 39. Rh1 c5 40. bxc5 bxc5 41. Nc2 Be8 42. Ka3 Rd8 43. Rb1+ Kc6 44. Rb3 Rd2 45. Rc3 Bf7 46. Nb4+ Kd6 47. Rd3+ Rxd3+ 48. Nxd3 Bh5 49. f4 Be2 50. e5+ fxe5 51. fxe5+ Kd5 52. Nc1 Bf1 53. Nb3 Kxe5 54. Nxc5 g4 55. Nd7+ Kf5 56. Nb6 g3 57. Nd5 g2 58. Ne3+ Ke4 59. Nxg2 Bxg2 60. Ka2 Kd4 61. Kb1 Kc3 62. Ka1 Kb3 63. Kb1 Ka3 64. Ka1 Be4 1/2-1/2

[Event "Madrid-ch Previa-B"]
[Site "Madrid"]
[Date "2025.01.30"]
[Round "1.4"]
[White "Castro Contreras, Bruno"]
[Black "Palomo Monserrat, Lorenzo"]
[Result "1/2-1/2"]
[WhiteElo "1731"]
[BlackElo "1949"]
[PlyCount "102"]
[GameId "2139859667251325"]
[EventDate "2025.01.30"]
[EventType "swiss"]
[EventRounds "9"]
[EventCountry "ESP"]

1. e4 c5 2. Nf3 d6 3. d4 cxd4 4. Nxd4 Nf6 5. Nc3 Nc6 6. Bg5 e6 7. Qd2 a6 8. O-O-O Bd7 9. Nf3 b5 10. Bd3 Be7 11. Kb1 b4 12. Ne2 O-O 13. e5 dxe5 14. Bxf6 Bxf6 15. Bxh7+ Kxh7 16. Qxd7 Qb6 17. Qd3+ Kg8 18. Qe4 Rfd8 19. Ng3 Rxd1+ 20. Rxd1 Rd8 21. Rxd8+ Qxd8 22. Qe2 Nd4 23. Nxd4 Qxd4 24. Ne4 Bd8 25. Qd2 Bb6 26. Qxd4 exd4 27. Kc1 Kf8 28. Nd2 Ke7 29. Nc4 Bc5 30. Kd2 f6 31. Kd3 e5 32. g4 Ke6 33. f3 Kd5 34. b3 g6 35. h4 f5 36. Nd2 Be7 37. h5 gxh5 38. gxh5 Bg5 39. Nc4 e4+ 40. Ke2 Bh6 41. a3 bxa3 42. Nxa3 Kc5 43. Nc4 Kb4 44. Nd6 Kc3 45. Nxf5 Kxc2 46. Nxd4+ Kc3 47. Nf5 exf3+ 48. Kxf3 Bf8 49. h6 Bxh6 50. Nxh6 Kxb3 51. Ke3 Kc4 1/2-1/2

[Event "Madrid-ch Previa-B"]
[Site "Madrid"]
[Date "2025.01.30"]
[Round "1.5"]
[White "Cabanas Bravo, Juan Andres"]
[Black "Fernandez Kalinov, Rodrigo"]
[Result "1-0"]
[WhiteElo "1931"]
[BlackElo "1715"]
[PlyCount "87"]
[GameId "2139824136675416"]
[EventDate "2025.01.30"]
[EventType "swiss"]
[EventRounds "9"]
[EventCountry "ESP"]

1. e4 c5 2. Nf3 Nc6 3. d4 cxd4 4. Nxd4 e5 5. Nb5 d6 6. N1c3 a6 7. Na3 Be7 8. Nc4 Nf6 9. Bg5 O-O 10. Bxf6 Bxf6 11. Qxd6 Qxd6 12. Nxd6 Rd8 13. O-O-O b5 14. Nxc8 Raxc8 15. Rxd8+ Rxd8 16. h4 Be7 17. a4 bxa4 18. Nxa4 a5 19. c3 g5 20. g3 Kg7 21. Bb5 Na7 22. Bc4 Nc8 23. Kc2 Nd6 24. Bd5 f5 25. f3 h6 26. Nc5 Kg6 27. h5+ Kf6 28. Nb3 a4 29. Na5 Rc8 30. Ra1 Nb5 31. Bc4 Bd8 32. Bxb5 Bxa5 33. Rxa4 fxe4 34. Rxa5 exf3 35. Ra6+ Kg7 36. Bd3 Rd8 37. Rg6+ Kf7 38. Bc4+ Ke7 39. Re6+ Kd7 40. Rxe5 Rf8 41. g4 Kd6 42. Rf5 Rxf5 43. gxf5 g4 44. Kd2 1-0

[Event "Madrid-ch Previa-B"]
[Site "Madrid"]
[Date "2025.01.30"]
[Round "1.6"]
[White "Quiros Florea, Rafael Santiago"]
[Black "Perdiguero Herreros, Alejandro"]
[Result "1/2-1/2"]
[WhiteElo "1660"]
[BlackElo "1924"]
[PlyCount "112"]
[GameId "2139863364006032"]
[EventDate "2025.01.30"]
[EventType "swiss"]
[EventRounds "9"]
[EventCountry "ESP"]

1. d4 Nf6 2. c4 e6 3. Nf3 d5 4. e3 Nbd7 5. b3 Bb4+ 6. Bd2 Be7 7. Bd3 c5 8. Nc3 O-O 9. O-O b6 10. Qe2 Bb7 11. Rad1 Re8 12. Rfe1 Rc8 13. cxd5 exd5 14. Bb5 cxd4 15. Nxd4 Bc5 16. Bxd7 Qxd7 17. Qd3 Ne4 18. Rc1 Bb4 19. Nxe4 dxe4 20. Qe2 Ba6 21. Qxa6 Bxd2 22. Rxc8 Rxc8 23. Rd1 g6 24. Qe2 Bc3 25. h3 Rc5 26. b4 Bxb4 27. Nc2 Qa4 28. Nxb4 Qxb4 29. Rd4 Qb1+ 30. Kh2 Qc2 31. Qg4 Qxf2 32. Rd8+ Kg7 33. Qxe4 Qf6 34. Rd7 a5 35. Rb7 Qe5+ 36. Qxe5+ Rxe5 37. Rxb6 Rxe3 38. Ra6 Ra3 39. h4 Rxa2 40. Kg3 Ra4 41. Kh3 h5 42. Kg3 f6 43. Kh3 Kf7 44. Kg3 Ra1 45. Kh3 a4 46. g3 a3 47. Kg2 a2 48. Kh2 g5 49. hxg5 fxg5 50. Kg2 h4 51. gxh4 gxh4 52. Kh2 h3 53. Ra8 Ke6 54. Ra7 Kd5 55. Ra8 Kc6 56. Ra7 Kb5 1/2-1/2

[Event "Madrid-ch Previa-B"]
[Site "Madrid"]
[Date "2025.01.30"]
[Round "1.7"]
[White "Liern Matesanz, Jairo"]
[Black "Gallardo Moreno, Alberto"]
[Result "1-0"]
[WhiteElo "1923"]
[BlackElo "1656"]
[PlyCount "53"]
[GameId "2139829702860934"]
[EventDate "2025.01.30"]
[EventType "swiss"]
[EventRounds "9"]
[EventCountry "ESP"]

1. d4 d5 2. c4 e6 3. Nc3 c5 4. cxd5 exd5 5. dxc5 Bxc5 6. Qxd5 Qxd5 7. Nxd5 Na6 8. e3 Be6 9. Bxa6 Bxd5 10. Bb5+ Ke7 11. Nf3 Bxf3 12. gxf3 Bb4+ 13. Ke2 Rc8 14. a3 Bd6 15. Ba4 Nf6 16. Rg1 Bxh2 17. Rxg7 Rhg8 18. Rxg8 Rxg8 19. Bd2 Bd6 20. Rh1 h5 21. e4 Rh8 22. Bg5 Be5 23. f4 Bxb2 24. e5 Ke6 25. Bxf6 Rh7 26. Rd1 Kf5 27. Bc2+ 1-0

[Event "Madrid-ch Previa-B"]
[Site "Madrid"]
[Date "2025.01.30"]
[Round "1.8"]
[White "Pan, Angel Jiaye"]
[Black "De Vicente Guijarro, Juan"]
[Result "0-1"]
[WhiteElo "1653"]
[BlackElo "1922"]
[PlyCount "58"]
[GameId "2139835913609366"]
[EventDate "2025.01.30"]
[EventType "swiss"]
[EventRounds "9"]
[EventCountry "ESP"]

1. e4 e5 2. Nf3 Nf6 3. Nc3 Nc6 4. Bc4 Nxe4 5. Nxe4 d5 6. Bd3 dxe4 7. Bxe4 Bd6 8. O-O O-O 9. d3 Ne7 10. Bg5 h6 11. Bxe7 Qxe7 12. Qd2 c6 13. Rae1 f5 14. d4 fxe4 15. dxe5 Bb4 16. c3 exf3 17. cxb4 fxg2 18. Kxg2 Be6 19. f4 Rad8 20. Qc3 Rd5 21. Re3 Qd7 22. Rg3 Rd8 23. f5 Bxf5 24. e6 Qe7 25. Rf2 Bxe6 26. Re2 R5d7 27. h3 Bd5+ 28. Kf1 Rf8+ 29. Ke1 Qf6 0-1

[Event "Madrid-ch Previa-B"]
[Site "Madrid"]
[Date "2025.01.30"]
[Round "1.9"]
[White "Silvan Bueno, Fernando"]
[Black "Palomo Fernandez, Lorenzo"]
[Result "0-1"]
[WhiteElo "1912"]
[BlackElo "1650"]
[PlyCount "38"]
[GameId "2139829007523960"]
[EventDate "2025.01.30"]
[EventType "swiss"]
[EventRounds "9"]
[EventCountry "ESP"]

1. e4 e5 2. Nf3 Nc6 3. Bc4 Bc5 4. c3 Nf6 5. d4 exd4 6. b4 Bb6 7. e5 d5 8. exf6 dxc4 9. b5 Qxf6 10. bxc6 Qe6+ 11. Qe2 Qxe2+ 12. Kxe2 d3+ 13. Kf1 O-O 14. Ne5 bxc6 15. Nxc4 Ba6 16. Nbd2 Rfe8 17. Nxb6 cxb6 18. Nf3 d2+ 19. Kg1 d1=Q+ 0-1

[Event "Madrid-ch Previa-B"]
[Site "Madrid"]
[Date "2025.01.30"]
[Round "1.10"]
[White "Rosado Rio Perez, Alberto"]
[Black "Marin Lopez, Juan Jose"]
[Result "0-1"]
[WhiteElo "1640"]
[BlackElo "1907"]
[PlyCount "52"]
[GameId "2139867793002675"]
[EventDate "2025.01.30"]
[EventType "swiss"]
[EventRounds "9"]
[EventCountry "ESP"]

1. e4 Nf6 2. e5 Nd5 3. c4 Nb6 4. c5 Nd5 5. Nc3 e6 6. Bc4 Nxc3 7. dxc3 Nc6 8. Bf4 h5 9. Qf3 g5 10. Be3 Nxe5 11. Qe4 Nxc4 12. Qxc4 b6 13. Qe4 Rb8 14. c6 dxc6 15. Rd1 Bd6 16. Nf3 f5 17. Qd4 Rg8 18. Bxg5 Qd7 19. Ne5 Qg7 20. Nf3 Qxd4 21. Rxd4 e5 22. Rd2 e4 23. Nd4 Rxg5 24. Nxc6 Ra8 25. O-O Bd7 26. Nd4 Kf7 0-1

[Event "Madrid-ch Previa-B"]
[Site "Madrid"]
[Date "2025.01.30"]
[Round "1.12"]
[White "Rodriguez Torrejon, Alberto"]
[Black "Pena Hernandez, Francisco Javier"]
[Result "0-1"]
[WhiteElo "1630"]
[BlackElo "1899"]
[PlyCount "68"]
[GameId "2139836996432036"]
[EventDate "2025.01.30"]
[EventType "swiss"]
[EventRounds "9"]
[EventCountry "ESP"]

1. e4 c6 2. d4 d5 3. e5 g6 4. Bd3 Bg7 5. c3 Nd7 6. b4 e6 7. Nd2 Ne7 8. Ngf3 O-O 9. O-O a5 10. Ba3 axb4 11. Bxb4 b6 12. Nb3 c5 13. dxc5 bxc5 14. Bxc5 Nxc5 15. Nxc5 Qc7 16. Nb3 Qxc3 17. Re1 Ba6 18. Bxa6 Rxa6 19. Nbd4 Rb8 20. Re3 Qc4 21. Qd2 Qa4 22. Rb3 Rc8 23. Rb4 Qa3 24. Nc2 Rxc2 25. Qxc2 Qxb4 26. Rb1 Qc4 27. Qb2 Rxa2 28. Qb7 Qc2 29. Rf1 Bf8 30. Ng5 h6 31. Nf3 Nf5 32. g4 Ne3 33. Nd4 Qxf2+ 34. Rxf2 Ra1+ 0-1

[Event "Madrid-ch Previa-B"]
[Site "Madrid"]
[Date "2025.01.30"]
[Round "1.13"]
[White "Garcia Chacon, David"]
[Black "Pareja Cerrato, Antonio"]
[Result "1-0"]
[WhiteElo "1890"]
[BlackElo "1624"]
[PlyCount "53"]
[GameId "2139868443230403"]
[EventDate "2025.01.30"]
[EventType "swiss"]
[EventRounds "9"]
[EventCountry "ESP"]

{[%evp 0,14,11,21,-7,12,14,-3,3,109,24,48,52,115,73,36,351]} 1. e4 e5 2. d4 exd4 3. Qxd4 Nc6 4. Qd3 Ne5 5. Qg3 d6 6. Nc3 Be6 7. f4 Nc6 8. f5 Bd7 9. Nf3 Nb4 10. Qf2 Qe7 11. a3 Nc6 12. Bd3 Nf6 13. Bg5 Ne5 14. Nd5 Nxd3+ 15. cxd3 Qd8 16. O-O Bc6 17. Nb4 Be7 18. Rac1 Qd7 19. Nxc6 bxc6 20. e5 Nd5 21. e6 fxe6 22. fxe6 Qxe6 23. Bxe7 Nxe7 24. Rfe1 Qf7 25. Qh4 Qf6 26. Ng5 Qh6 27. Rxe7+ 1-0

[Event "Madrid-ch Previa-B"]
[Site "Madrid"]
[Date "2025.01.30"]
[Round "1.14"]
[White "Fernandez Rodriguez, Diego"]
[Black "Tereso Silva, Luis"]
[Result "1-0"]
[WhiteElo "1614"]
[BlackElo "1890"]
[PlyCount "63"]
[GameId "2139879061315823"]
[EventDate "2025.01.30"]
[EventType "swiss"]
[EventRounds "9"]
[EventCountry "ESP"]

1. d4 e6 2. Nf3 f5 3. Bf4 Nf6 4. e3 Be7 5. Bd3 O-O 6. Nbd2 d5 7. Ne5 Nbd7 8. Ndf3 Ne4 9. h4 Nxe5 10. Bxe5 Bd6 11. c3 Bd7 12. Qb3 Qe7 13. Bb5 Bxb5 14. Qxb5 c6 15. Qe2 Bxe5 16. Nxe5 f4 17. Nd3 fxe3 18. Qxe3 Qf6 19. f3 Ng3 20. Rh3 Nf5 21. Qe5 Qh6 22. Ke2 Nxh4 23. Rah1 g5 24. Qg3 Qg7 25. f4 Nf5 26. Qxg5 Qxg5 27. fxg5 Rae8 28. Ne5 Re7 29. g4 Nd6 30. g6 h6 31. Rxh6 Ne4 32. Rh8+ 1-0

[Event "Madrid-ch Previa-B"]
[Site "Madrid"]
[Date "2025.01.30"]
[Round "1.15"]
[White "Calderon Rojo, Borja"]
[Black "De Pascual Lopez, Javier"]
[Result "1-0"]
[WhiteElo "1887"]
[BlackElo "1603"]
[PlyCount "77"]
[GameId "2139880969011453"]
[EventDate "2025.01.30"]
[EventType "swiss"]
[EventRounds "9"]
[EventCountry "ESP"]

1. e4 c6 2. d4 d5 3. Nc3 dxe4 4. Nxe4 Bf5 5. Ng3 Bg6 6. c3 Nf6 7. Nh3 h6 8. Bc4 e6 9. O-O Bd6 10. Re1 O-O 11. Qf3 Nbd7 12. Bf4 Nb6 13. Bb3 a5 14. a4 Kh8 15. Bxd6 Qxd6 16. Nf4 Bh7 17. Rad1 Nbd5 18. Ngh5 Nxf4 19. Nxf4 Bf5 20. h3 Rab8 21. Nd3 b5 22. Ne5 Rb6 23. c4 Qc7 24. c5 Ra6 25. Qg3 Qb7 26. Qf4 Nd7 27. g4 Nxe5 28. gxf5 Nd7 29. fxe6 fxe6 30. Qg3 bxa4 31. Bxe6 Nf6 32. Re2 Raa8 33. Rde1 Rad8 34. Bf5 Rde8 35. Qg6 Rxe2 36. Rxe2 Qf7 37. Qxf7 Rxf7 38. Bc2 Nd5 39. Re8+ 1-0

[Event "Madrid-ch Previa-B"]
[Site "Madrid"]
[Date "2025.01.30"]
[Round "1.16"]
[White "Huerta Marroquin, Borja"]
[Black "Cardena Contreras, Javier"]
[Result "0-1"]
[WhiteElo "1596"]
[BlackElo "1883"]
[PlyCount "41"]
[GameId "2139885891232014"]
[EventDate "2025.01.30"]
[EventType "swiss"]
[EventRounds "9"]
[EventCountry "ESP"]

1. e4 c5 2. Nf3 Nf6 3. Nc3 d5 4. exd5 Nxd5 5. d4 Nxc3 6. bxc3 g6 7. Bc4 Bg7 8. O-O O-O 9. h3 Nc6 10. Be3 Bf5 11. Rb1 Qc7 12. Qe2 Rad8 13. Rfd1 a6 14. a4 e6 15. g3 h5 16. Bf4 Qc8 17. Be5 Nxe5 18. dxe5 Bxh3 19. Rd6 Rxd6 20. exd6 Qc6 21. Ng5 0-1

[Event "Madrid-ch Previa-B"]
[Site "Madrid"]
[Date "2025.01.30"]
[Round "1.17"]
[White "Mata Medina, Andres"]
[Black "Garcia Gonzalez, Victor 2012"]
[Result "1-0"]
[WhiteElo "1871"]
[BlackElo "1592"]
[PlyCount "51"]
[GameId "2139886674788638"]
[EventDate "2025.01.30"]
[EventType "swiss"]
[EventRounds "9"]
[EventCountry "ESP"]

1. d4 Nf6 2. c4 g6 3. Nc3 Bg7 4. e4 d6 5. Be2 Nbd7 6. Be3 O-O 7. g4 Ne8 8. h4 h6 9. Qd2 Kh7 10. f4 Rh8 11. O-O-O c6 12. f5 Qc7 13. Nh3 e5 14. fxe6 fxe6 15. h5 g5 16. Bxg5 e5 17. Be3 exd4 18. Bxd4 Ne5 19. g5 c5 20. Nd5 Qd8 21. Bxe5 Bxe5 22. Rdf1 Be6 23. Nhf4 Bxd5 24. exd5 Bxf4 25. Qxf4 Qxg5 26. Bd3+ 1-0

[Event "Madrid-ch Previa-B"]
[Site "Madrid"]
[Date "2025.01.30"]
[Round "1.18"]
[White "Valentin Lopez, Miguel"]
[Black "Del Castillo Izquierdo, Jose"]
[Result "0-1"]
[WhiteElo "1550"]
[BlackElo "1867"]
[PlyCount "94"]
[GameId "2139888067297582"]
[EventDate "2025.01.30"]
[EventType "swiss"]
[EventRounds "9"]
[EventCountry "ESP"]

1. e4 e5 2. Nf3 Nc6 3. Bc4 Bc5 4. c3 Nf6 5. d4 exd4 6. e5 d5 7. Bb5 Ne4 8. cxd4 Bb6 9. Nc3 Bg4 10. h3 Bh5 11. Be3 h6 12. Qc2 Bg6 13. Qb3 Ba5 14. O-O Bxc3 15. bxc3 O-O 16. Rac1 Na5 17. Qa4 c6 18. Bd3 b5 19. Qc2 Nc4 20. e6 f5 21. Bxc4 bxc4 22. Ne5 Qe8 23. e7 Rf6 24. f3 Ng3 25. Rfe1 Re6 26. Bf2 Bh7 27. Bxg3 f4 28. Qd2 fxg3 29. Qf4 Qxe7 30. Qxg3 Re8 31. f4 c5 32. Rf1 Rf8 33. Rce1 Be4 34. Kh2 cxd4 35. cxd4 Qb4 36. Nd7 Rg6 37. Qxg6 Bxg6 38. Nxf8 Qxf8 39. f5 Bxf5 40. g4 Qb8+ 41. Kg2 Be4+ 42. Kf2 Qb2+ 43. Ke3 Qc3+ 44. Kf4 Qxd4 45. Rd1 g5+ 46. Kg3 Qe3+ 47. Kh2 Qe2+ 0-1

[Event "Madrid-ch Previa-B"]
[Site "Madrid"]
[Date "2025.01.30"]
[Round "1.19"]
[White "Galarreta Santana, Javier"]
[Black "Duran Rodriguez, Adriana"]
[Result "1-0"]
[WhiteElo "1865"]
[BlackElo "1494"]
[PlyCount "65"]
[GameId "2139890089763134"]
[EventDate "2025.01.30"]
[EventType "swiss"]
[EventRounds "9"]
[EventCountry "ESP"]

1. g3 d5 2. Bg2 e5 3. c4 Nf6 4. cxd5 Nxd5 5. Qb3 Nb6 6. Qb5+ N8d7 7. Nc3 c6 8. Qb3 Nc5 9. Qc2 Bd6 10. Nf3 O-O 11. O-O Be6 12. b4 Na6 13. a3 Nd5 14. Ne4 Nac7 15. Nxd6 Qxd6 16. Bb2 f6 17. d4 exd4 18. Bxd4 Rfe8 19. Bc5 Qd7 20. e4 Nb6 21. Rfd1 Qf7 22. Nd4 Bc4 23. Rac1 Ne6 24. Bxb6 axb6 25. Qxc4 Rxa3 26. Nf5 Qc7 27. Nd6 Re7 28. Bh3 b5 29. Bxe6+ Kf8 30. Nxb5 Qe5 31. Rd8+ Re8 32. Rxe8+ Kxe8 33. Nxa3 1-0

[Event "Madrid-ch Previa-B"]
[Site "Madrid"]
[Date "2025.01.30"]
[Round "1.20"]
[White "Gomez Lorenzo, Alvaro 2012"]
[Black "Corral Aragon, Juan Maria"]
[Result "1-0"]
[WhiteElo "1483"]
[BlackElo "1861"]
[PlyCount "93"]
[GameId "2139893339820364"]
[EventDate "2025.01.30"]
[EventType "swiss"]
[EventRounds "9"]
[EventCountry "ESP"]

1. e4 c6 2. d4 d5 3. e5 Bf5 4. h4 h5 5. Bg5 Qb6 6. Bd3 Bxd3 7. Qxd3 e6 8. Nc3 c5 9. Nge2 c4 10. Qd2 Qc6 11. O-O b5 12. a3 Nd7 13. Be3 a5 14. f4 Nh6 15. Ng3 Ng4 16. f5 Nxe3 17. Qxe3 Be7 18. Nce2 Bxh4 19. Nf4 Bg5 20. fxe6 fxe6 21. Qe2 Bxf4 22. Rxf4 h4 23. Nh5 O-O-O 24. Nxg7 Rdg8 25. Rf7 Rh7 26. Qg4 h3 27. g3 Qb6 28. Kh2 Nxe5 29. dxe5 Rhxg7 30. Rxg7 Qf2+ 31. Kxh3 Rh8+ 32. Qh4 Rxh4+ 33. gxh4 Qf5+ 34. Kg2 Qxc2+ 35. Kh3 Qxb2 36. Rf1 Qxa3+ 37. Kg4 Qc5 38. Rff7 Qd4+ 39. Kg5 Qxe5+ 40. Kh6 Qxg7+ 41. Kxg7 c3 42. h5 c2 43. Rf1 d4 44. h6 d3 45. h7 d2 46. h8=Q+ Kd7 47. Rf7+ 1-0

[Event "Madrid-ch Previa-B"]
[Site "Madrid"]
[Date "2025.01.31"]
[Round "2.1"]
[White "Lorenzo Martin, Hector"]
[Black "Blanco Barrios, Aitana"]
[Result "1-0"]
[WhiteElo "1981"]
[BlackElo "1850"]
[PlyCount "141"]
[GameId "2140235311677497"]
[EventDate "2025.01.30"]
[EventType "swiss"]
[EventRounds "9"]
[EventCountry "ESP"]

1. c4 e6 2. Nf3 d5 3. b3 Nf6 4. Bb2 g6 5. g3 Bg7 6. Bg2 O-O 7. O-O b6 8. d3 Bb7 9. Nc3 d4 10. Nb5 c5 11. e3 a6 12. Na3 dxe3 13. fxe3 Ng4 14. Bxg7 Kxg7 15. Nc2 Nd7 16. d4 Be4 17. Nfe1 Bxg2 18. Kxg2 Qg5 19. Qe2 h5 20. Nf3 Qf5 21. e4 Qf6 22. Ne5 Qe7 23. Nxg4 hxg4 24. Qxg4 cxd4 25. Nxd4 Qc5 26. Rad1 Nf6 27. Qf4 Nh5 28. Nxe6+ Kh7 29. Nxc5 Nxf4+ 30. gxf4 bxc5 31. Rd5 Rfe8 32. Kf3 Rac8 33. Rfd1 a5 34. Rd7 Kg7 35. Ra7 Rh8 36. Rd2 Rh3+ 37. Kg2 Rch8 38. Kg1 Rf3 39. Rxa5 Rxf4 40. e5 Rh5 41. Rxc5 Rg5+ 42. Rg2 Rgf5 43. h3 Kh6 44. Rd5 Kh5 45. Rdd2 Rxe5 46. Rdf2 g5 47. Rxf4 gxf4 48. Kf2 Re3 49. Rg4 Rxh3 50. Rxf4 Kg6 51. Ke2 f5 52. c5 Kg5 53. Rf3 Rh2+ 54. Rf2 Rh3 55. Kd2 f4 56. Kc2 Kg4 57. b4 Kg3 58. Rd2 f3 59. c6 Rh7 60. b5 Rc7 61. Kc3 f2 62. Rxf2 Kxf2 63. Kc4 Ra7 64. b6 Rxa2 65. b7 Rb2 66. c7 Rxb7 67. c8=Q Rf7 68. Qc5+ Kg3 69. Qg5+ Kf2 70. Qh4+ Ke3 71. Qe1+ 1-0

[Event "Madrid-ch Previa-B"]
[Site "Madrid"]
[Date "2025.01.31"]
[Round "2.2"]
[White "Tereso Martin, Antonio"]
[Black "Arce Balluerca, Oscar"]
[Result "1-0"]
[WhiteElo "1962"]
[BlackElo "1842"]
[PlyCount "131"]
[GameId "2140237934895195"]
[EventDate "2025.01.30"]
[EventType "swiss"]
[EventRounds "9"]
[EventCountry "ESP"]

1. b3 f5 2. Bb2 Nf6 3. g3 g6 4. Bxf6 exf6 5. c4 d5 6. cxd5 Qxd5 7. Nf3 c5 8. Nc3 Qd6 9. Bg2 a6 10. O-O Nc6 11. e3 Be6 12. d4 Rd8 13. Qe2 Be7 14. Rfd1 Bf7 15. Rac1 O-O 16. dxc5 Qxc5 17. Nd5 Qa3 18. Nxe7+ Qxe7 19. Ne1 Ne5 20. Qc2 Rd7 21. Rxd7 Qxd7 22. Rd1 Qe7 23. Rd4 Be6 24. Qd2 Rc8 25. f4 Nc6 26. Rd6 Rd8 27. Rxd8+ Qxd8 28. Qxd8+ Nxd8 29. Nd3 Kf7 30. Nc5 Bc8 31. Kf2 Ke7 32. b4 Kd6 33. Ke2 a5 34. a3 axb4 35. axb4 Nc6 36. Bxc6 Kxc6 37. Kd3 b6 38. Nb3 Ba6+ 39. Kd4 Be2 40. h4 Bf1 41. h5 Bg2 42. h6 Bd5 43. Nd2 Kd6 44. Nb1 Be4 45. Nc3 Bc6 46. Kc4 g5 47. Ne2 Bg2 48. Nd4 Bf1+ 49. Kc3 Bh3 50. Kc4 Bf1+ 51. Kc3 Bh3 52. Nf3 gxf4 53. gxf4 Kd5 54. Nd2 b5 55. Kd3 Bg2 56. Kc3 Bh3 57. Kd3 Bg2 58. Kc3 Be4 59. Nb3 Ke6 60. Nd4+ Kf7 61. Nxb5 Kg6 62. Nd6 Bf3 63. Kd4 Kxh6 64. Nxf5+ Kh5 65. e4 Be2 66. Ng3+ 1-0

[Event "Madrid-ch Previa-B"]
[Site "Madrid"]
[Date "2025.01.31"]
[Round "2.3"]
[White "Jolani, Parnian"]
[Black "Cabanas Bravo, Juan Andres"]
[Result "1/2-1/2"]
[WhiteElo "1847"]
[BlackElo "1931"]
[PlyCount "115"]
[GameId "2140239651004521"]
[EventDate "2025.01.30"]
[EventType "swiss"]
[EventRounds "9"]
[EventCountry "ESP"]

1. Nf3 Nf6 2. c4 g6 3. Nc3 d5 4. d4 Bg7 5. Bg5 c6 6. e3 O-O 7. Rc1 Nbd7 8. Ne5 dxc4 9. Bxc4 Qa5 10. Bf4 Nb6 11. Bb3 Nfd5 12. Bg3 Be6 13. O-O Nxc3 14. Rxc3 Nd5 15. Rc5 Qd8 16. e4 Nc7 17. d5 Na6 18. Rc1 cxd5 19. exd5 Bf5 20. Qd2 Rc8 21. Rxc8 Qxc8 22. d6 exd6 23. Qxd6 Qc5 24. Qxc5 Nxc5 25. Bd5 b6 26. Re1 Be6 27. Bxe6 Nxe6 28. Rd1 Rc8 29. h3 Nc5 30. f3 Re8 31. Nc4 Bf6 32. b4 Ne6 33. Rd7 Re7 34. Rxe7 Bxe7 35. b5 Nd4 36. Bb8 Nxb5 37. a4 Bc5+ 38. Kf1 Nc3 39. Bxa7 Nxa4 40. Ke2 b5 41. Bxc5 Nxc5 42. Nb2 f5 43. Ke3 Kf7 44. Kd4 Na4 45. Nd3 Ke6 46. f4 Kd6 47. g4 fxg4 48. hxg4 h5 49. f5 hxg4 50. fxg6 Ke6 51. Ne5 Kf6 52. Nxg4+ Kxg6 53. Ne5+ Kf5 54. Nd3 Kf6 55. Nc5 Nb6 56. Ne4+ Ke6 57. Kc5 Ke5 58. Kxb5 1/2-1/2

[Event "Madrid-ch Previa-B"]
[Site "Madrid"]
[Date "2025.01.31"]
[Round "2.4"]
[White "Quiroga Andres, Carlos"]
[Black "Liern Matesanz, Jairo"]
[Result "1-0"]
[WhiteElo "1841"]
[BlackElo "1923"]
[PlyCount "57"]
[GameId "2140196368691288"]
[EventDate "2025.01.30"]
[EventType "swiss"]
[EventRounds "9"]
[EventCountry "ESP"]

1. e4 c5 2. Nf3 d6 3. d4 cxd4 4. Nxd4 Nf6 5. Nc3 a6 6. Be3 e5 7. Nb3 Be7 8. Qd2 Be6 9. f3 h5 10. O-O-O Nbd7 11. Be2 Rc8 12. Kb1 b5 13. Nd5 Nxd5 14. exd5 Bf5 15. Bd3 Bxd3 16. Qxd3 Bg5 17. h3 Bxe3 18. Qxe3 Nb6 19. Na5 Qf6 20. Qxb6 Qg6 21. Nc6 Qf6 22. Qxa6 O-O 23. Qxb5 Rfe8 24. g4 Qxf3 25. Qd3 Qf6 26. Qf5 Qh6 27. Ne7+ Rxe7 28. Qxc8+ Kh7 29. gxh5 1-0

[Event "Madrid-ch Previa-B"]
[Site "Madrid"]
[Date "2025.01.31"]
[Round "2.5"]
[White "De Vicente Guijarro, Juan"]
[Black "Clavero Alarcon, Jose Miguel"]
[Result "0-1"]
[WhiteElo "1922"]
[BlackElo "1822"]
[PlyCount "46"]
[GameId "2140199192236150"]
[EventDate "2025.01.30"]
[EventType "swiss"]
[EventRounds "9"]
[EventCountry "ESP"]

1. e4 d6 2. d4 Nf6 3. Nc3 g6 4. Nf3 Bg7 5. Be2 O-O 6. O-O c6 7. a4 Nbd7 8. a5 Qc7 9. Re1 e5 10. dxe5 Nxe5 11. Nxe5 dxe5 12. Bf1 Bg4 13. f3 Rad8 14. Qe2 Be6 15. Be3 Rd4 16. Bxd4 exd4 17. Nd1 Nh5 18. g3 Nxg3 19. hxg3 Qxg3+ 20. Bg2 Be5 21. Ra3 Qh2+ 22. Kf1 Bh3 23. f4 Qh1+ 0-1

[Event "Madrid-ch Previa-B"]
[Site "Madrid"]
[Date "2025.01.31"]
[Round "2.6"]
[White "Marin Lopez, Juan Jose"]
[Black "San Vicente Crespo, Pablo"]
[Result "1/2-1/2"]
[WhiteElo "1907"]
[BlackElo "1812"]
[PlyCount "61"]
[GameId "2140241024155769"]
[EventDate "2025.01.30"]
[EventType "swiss"]
[EventRounds "9"]
[EventCountry "ESP"]

1. e4 e5 2. Nc3 Nc6 3. Nf3 Nf6 4. g3 Bc5 5. Bg2 d6 6. O-O O-O 7. d3 Bg4 8. h3 Be6 9. Na4 Bb6 10. c3 Re8 11. Qe2 Nh5 12. Kh2 h6 13. Nh4 Nf4 14. gxf4 Qxh4 15. f5 Bxf5 16. exf5 Qxa4 17. b4 e4 18. f6 Qb5 19. Qg4 Qe5+ 20. Bf4 Qxf6 21. Bxe4 Ne5 22. Qg3 Ng6 23. Be3 Bxe3 24. fxe3 Qe5 25. Rf5 Qxg3+ 26. Kxg3 Ne7 27. Ra5 d5 28. Bf3 b6 29. Ra6 Nf5+ 30. Kf2 Ne7 31. b5 1/2-1/2